Normal view
MARC view
- Bacon, E.Mile
Entry Personal Name
001 - CONTROL NUMBER
- control field: 77314
003 - CONTROL NUMBER IDENTIFIER
- control field: NUST
005 - DATE AND TIME OF LATEST TRANSACTION
- control field: 20210628205852.0
008 - FIXED-LENGTH DATA ELEMENTS
- fixed length control field: 210628|| aca||aabn | a|a d
040 ## - CATALOGING SOURCE
- Original cataloging agency: NUST
- Transcribing agency: NUST
100 ## - HEADING--PERSONAL NAME
- Personal name: Bacon, E.Mile
670 ## - SOURCE DATA FOUND
- Source citation: Work cat.: (NUST): Bacon, E.Mile, Automotive steering, suspension and wheel alignment shop manual, 1996
